<?xml version="1.0" encoding="UTF-8"?>
<record
    xmlns:xsi="http://www.w3.org/2001/XMLSchema-instance"
    xsi:schemaLocation="http://www.loc.gov/MARC21/slim http://www.loc.gov/standards/marcxml/schema/MARC21slim.xsd"
    xmlns="http://www.loc.gov/MARC21/slim">

  <leader>01243cam a2200289 a 4500</leader>
  <controlfield tag="001">38336</controlfield>
  <controlfield tag="003">BD-RjUL</controlfield>
  <controlfield tag="005">20211209052757.0</controlfield>
  <controlfield tag="008">151107s2004    ii       b    000 0 beno </controlfield>
  <datafield tag="020" ind1=" " ind2=" ">
    <subfield code="a">8129501813</subfield>
  </datafield>
  <datafield tag="035" ind1=" " ind2=" ">
    <subfield code="a">(DLC)  2003312974</subfield>
  </datafield>
  <datafield tag="040" ind1=" " ind2=" ">
    <subfield code="a">DLC</subfield>
    <subfield code="c">DLC</subfield>
    <subfield code="d">DLC</subfield>
    <subfield code="d">BD-RjUL</subfield>
    <subfield code="b">ben</subfield>
  </datafield>
  <datafield tag="041" ind1=" " ind2=" ">
    <subfield code="a">ben</subfield>
  </datafield>
  <datafield tag="082" ind1=" " ind2=" ">
    <subfield code="2">22</subfield>
    <subfield code="a">954.14</subfield>
    <subfield code="b">BAM 2004</subfield>
  </datafield>
  <datafield tag="100" ind1="1" ind2=" ">
    <subfield code="a">&#x9AC;&#x9B8;&#x9C1;, &#x9B6;&#x9CD;&#x9AF;&#x9BE;&#x9AE;&#x9BE;&#x9AA;&#x9CD;&#x9B0;&#x9B8;&#x9BE;&#x9A6;</subfield>
    <subfield code="9">118488</subfield>
  </datafield>
  <datafield tag="245" ind1="1" ind2="0">
    <subfield code="a">&#x9AE;&#x9C1;&#x9B0;&#x9CD;&#x9B6;&#x9BF;&#x9A6;&#x995;&#x9C1;&#x9B2;&#x9BF; &#x996;&#x9BE;&#x981;&#x9B0; &#x986;&#x9AE;&#x9B2;&#x9C7; &#x9AC;&#x9BE;&#x982;&#x9B2;&#x9BE;, &#x9E7;&#x9ED;&#x9E6;&#x9E6;-&#x9E7;&#x9ED;&#x9E8;&#x9ED; /</subfield>
    <subfield code="c">&#x9B6;&#x9CD;&#x9AF;&#x9BE;&#x9AE;&#x9BE;&#x9AA;&#x9CD;&#x9B0;&#x9B8;&#x9BE;&#x9A6; &#x9AC;&#x9B8;&#x9C1;</subfield>
  </datafield>
  <datafield tag="260" ind1=" " ind2=" ">
    <subfield code="a">&#x995;&#x9B2;&#x995;&#x9BE;&#x9A4;&#x9BE; :</subfield>
    <subfield code="b">&#x9A6;&#x9C7;'&#x99C; &#x9AA;&#x9BE;&#x9AC;&#x9B2;&#x9BF;&#x9B6;&#x9BF;&#x982;,</subfield>
    <subfield code="c">&#x9E8;&#x9E6;&#x9E6;&#x9EA;.</subfield>
  </datafield>
  <datafield tag="300" ind1=" " ind2=" ">
    <subfield code="a">&#x9E7;&#x9EF;&#x9E8; &#x9AA;. ;</subfield>
    <subfield code="c">&#x9E8;&#x9E8; &#x9B8;&#x9C7;&#x9AE;&#x9BF;.</subfield>
  </datafield>
  <datafield tag="504" ind1=" " ind2=" ">
    <subfield code="a">Includes bibliographical references (p. 185-192).</subfield>
  </datafield>
  <datafield tag="520" ind1=" " ind2=" ">
    <subfield code="a">History of Bengal between 1700 and 1727, at the time of ruler Mur&#x15B;idakuli Kh&#x101;m&#x310;, died 1727.</subfield>
  </datafield>
  <datafield tag="600" ind1="0" ind2="0">
    <subfield code="a">Mur&#x15B;idakuli Kh&#x101;m&#x310;,</subfield>
    <subfield code="d">1700-1727.</subfield>
    <subfield code="9">163978</subfield>
  </datafield>
  <datafield tag="600" ind1="0" ind2="0">
    <subfield code="a">&#x9AE;&#x9C1;&#x9B0;&#x9CD;&#x9B6;&#x9BF;&#x9A6;&#x995;&#x9C1;&#x9B2;&#x9BF; &#x996;&#x9BE;&#x981;</subfield>
    <subfield code="d">&#x9E7;&#x9ED;&#x9E6;&#x9E6;-&#x9E7;&#x9ED;&#x9E8;&#x9ED; </subfield>
    <subfield code="9">163979</subfield>
  </datafield>
  <datafield tag="651" ind1=" " ind2="0">
    <subfield code="a">Bengal (India)</subfield>
    <subfield code="x">History.</subfield>
    <subfield code="9">118490</subfield>
  </datafield>
  <datafield tag="651" ind1=" " ind2="0">
    <subfield code="a">&#x9AC;&#x9C7;&#x999;&#x9CD;&#x997;&#x9B2; (&#x9AD;&#x9BE;&#x9B0;&#x9A4;) </subfield>
    <subfield code="x">&#x987;&#x9A4;&#x9BF;&#x9B9;&#x9BE;&#x9B8; </subfield>
    <subfield code="9">163637</subfield>
  </datafield>
  <datafield tag="942" ind1=" " ind2=" ">
    <subfield code="2">ddc</subfield>
    <subfield code="c">BK</subfield>
  </datafield>
  <datafield tag="999" ind1=" " ind2=" ">
    <subfield code="c">38336</subfield>
    <subfield code="d">38336</subfield>
  </datafield>
  <datafield tag="952" ind1=" " ind2=" ">
    <subfield code="0">0</subfield>
    <subfield code="1">0</subfield>
    <subfield code="2">ddc</subfield>
    <subfield code="4">0</subfield>
    <subfield code="7">0</subfield>
    <subfield code="8">NFIC</subfield>
    <subfield code="a">RUCL</subfield>
    <subfield code="b">RUCL</subfield>
    <subfield code="c">Stack</subfield>
    <subfield code="d">2008-03-11</subfield>
    <subfield code="e">Paragon, Dhaka</subfield>
    <subfield code="g">100.00</subfield>
    <subfield code="l">3</subfield>
    <subfield code="o">B 954.14 BAM 2004</subfield>
    <subfield code="r">2023-03-16 00:00:00</subfield>
    <subfield code="s">2023-03-06</subfield>
    <subfield code="t">C-4</subfield>
    <subfield code="w">2021-12-09</subfield>
    <subfield code="y">BK</subfield>
  </datafield>
  <datafield tag="952" ind1=" " ind2=" ">
    <subfield code="0">0</subfield>
    <subfield code="1">0</subfield>
    <subfield code="2">ddc</subfield>
    <subfield code="4">0</subfield>
    <subfield code="7">0</subfield>
    <subfield code="8">NFIC</subfield>
    <subfield code="a">RUCL</subfield>
    <subfield code="b">RUCL</subfield>
    <subfield code="c">Stack</subfield>
    <subfield code="d">2008-03-11</subfield>
    <subfield code="e">Paragon Enterprises Dhaka</subfield>
    <subfield code="g">100.00</subfield>
    <subfield code="l">0</subfield>
    <subfield code="o">B 954.14 BAM 2004</subfield>
    <subfield code="r">2016-11-13 00:00:00</subfield>
    <subfield code="t">C-3</subfield>
    <subfield code="w">2016-11-13</subfield>
    <subfield code="y">BK</subfield>
  </datafield>
</record>
